Top 10 - Airlines with the Most Aircraft (2010) Quiz Stats

 Plays Quiz not verified by Sporcle

Challenge
Share
Tweet
Embed
Score 0/10 Timer 05:00
0 Plays Today
# Airline % Correct
1American Airlines
83.9%
4United Airlines
75.9%
3Delta Airlines
74.9%
7Lufthansa
69.7%
2Southwest Airlines
58.2%
6US Airways
40.2%
5Continental Airlines
39%
9Air Canada
34.1%
8Northwest Airlines
21.7%
10China Southern Airlines
16.1%

You're not logged in!

Compare scores with friends on all Sporcle quizzes.
Join for Free
OR
Log In

You Might Also Like...

Show Comments

Extras

Top Quizzes Today


Score Distribution

Your Account Isn't Verified!

In order to create a playlist on Sporcle, you need to verify the email address you used during registration. Go to your Sporcle Settings to finish the process.

Report this User

Report this user for behavior that violates our Community Guidelines.

Details: